| 000 | 01409nac a22002771u 4500 | ||
|---|---|---|---|
| 008 | 100905t xxu||||| |||| 00| 0 eng d | ||
| 010 | _a 94007723 | ||
| 020 | _a0792327799 (acid-free paper) | ||
| 082 | 0 | 0 | _a622.33819 |
| 100 |
_a20080729 _917941 |
||
| 245 | 0 | 0 |
_aSubsea Control and Data Acquisition for Oil and Gas Production Systems : _bpapers presented at a conference organized by the Society for Underwater Technology and held in London, UK, April 20-21, 1994. |
| 260 |
_aDordrecht ; _aBoston : _bKluwer Academic Publishers, _cc1994. |
||
| 300 |
_aviii, 252 p. : _bill. ; _c25 cm. |
||
| 440 | 0 |
_vv. 32 _917942 |
|
| 490 |
_917940 _aAdvances in Underwater Technology, Ocean Science, and Offshore Engineering |
||
| 500 | _aCo-sponsored by the Institute of Measurement and Control. | ||
| 504 | _aIncludes bibliographical references. | ||
| 650 | 0 |
_aOffshore oil well drilling _vCongresses. _917943 |
|
| 650 | 0 |
_aDrilling platforms _xCongresses. _917944 |
|
| 650 | 0 |
_aOil wells _xManagement _xCongresses. _917945 |
|
| 650 | 0 |
_aGas wells _xManagement _xCongresses. _917946 |
|
| 710 | 2 |
_aSociety for Underwater Technology. _917947 |
|
| 710 | 2 |
_aInstitute of Measurement and Control. _917948 |
|
| 942 |
_cBB _k622.33819 SUB _2ddc |
||
| 999 |
_c4553 _d4553 |
||